Gaming Quiz

Random Gaming or Video Games Quiz

Weapons in Halo Quiz Stats

 Plays Quiz Updated Oct 17, 2018

Score 0/28 Timer 07:00
7 Plays Today
% Correct
Sniper Rifle
83.9%
Battle Rifle
83.5%
Assault Rifle
81%
Rocket Launcher
81%
Plasma Pistol
78.2%
Needler
78%
Plasma Rifle
77.1%
Shotgun
72.5%
Energy Sword
68.7%
Magnum
63.4%
SMG
61.9%
Plasma Grenade
61.8%
Frag Grenade
57.7%
Gravity Hammer
57.1%
% Correct
Brute Shot
56.9%
Covenant Carbine
56.7%
Machine Gun Turret
54.9%
Beam Rifle
52.7%
Spiker
52.3%
Spartan Laser
51.8%
Mauler
40.8%
Spike Grenade
40.3%
Fuel Rod Gun
38.7%
Flamethrower
36.2%
Plasma Cannon
30.1%
Missile Pod
22.9%
Firebomb
19.7%
Sentinel Beam
19%

You're not logged in!

Compare scores with friends on all Sporcle quizzes.
OR
Log In

Sporcle TV

Today on Sporcle TV


Watch our educational content, quiz creation guides, and fun videos on Sporcle TV.

Show Comments

Extras

Top Quizzes Today


Score Distribution

Your Account Isn't Verified!

In order to create a playlist on Sporcle, you need to verify the email address you used during registration. Go to your Sporcle Settings to finish the process.

Report this User

Report this user for behavior that violates our Community Guidelines.

Details: